[Event "Prague op-B 20th"]
[White "Svacina, Tobias"]
[Black "Hountondji, William"]
[Site "Prague"]
[Round "3"]
[Result "1-0"]
[Date "2022.01.08"]
[WhiteElo "1695"]
[BlackElo "1533"]
[PlyCount "79"]
[EventDate "2022.01.07"]
[EventType "swiss"]
[EventRounds "9"]
[EventCountry "CZE"]
[SourceTitle "CBM 206 Extra"]
[Source "ChessBase"]
[SourceDate "2022.03.31"]
[SourceVersion "1"]
[SourceVersionDate "2022.03.31"]
[SourceQuality "1"]

1. e4 Nf6 2. Nc3 e5 3. f4 d5 4. fxe5 Nxe4 5. d3 Nxc3 6. bxc3 Be7 7. Nf3 c5 8. d4 Nc6 9. Be2 0-0 10. 0-0 Be6 11. Qe1 Rc8 12. Qg3 Kh8 13. Bd3 c4 14. Be2 f6 15. Bf4 fxe5 16. Bxe5 Nxe5 17. Nxe5 Bf6 18. Ng4 Qc7 19. Qxc7 Rxc7 20. Nxf6 Rxf6 21. Rf3 Re7 22. Re1 Bg4 23. Rxf6 gxf6 24. Kf2 Bf5 25. Bf3 Be4 26. Bxe4 dxe4 27. g4 Kg7 28. Kg3 Re6 29. Kf4 Ra6 30. Rxe4 Rxa2 31. Re2 Ra1 32. Re7+ Kf8 33. Rxb7 a5 34. Rxh7 a4 35. Ra7 a3 36. Ke4 a2 37. Kd5 Rg1 38. Rxa2 Rxg4 39. Ra6 f5 40. Rf6+ 1-0